Države Evrope - Statistics

General Stats
  • This quiz has been taken 1,836 times
  • The average score is 37 of 49
Answer Stats
Answer % Correct
Srbija
96%
Španija
90%
Ujedinjeno Kraljevstvo
90%
Bosna i Hercegovina
89%
Rusija
89%
Albanija
88%
Hrvatska
88%
Bugarska
87%
Francuska
87%
Nemačka
87%
Italija
85%
Portugal
85%
Slovenija
85%
Grčka
84%
Austrija
83%
Crna Gora
83%
Švedska
83%
Finska
82%
Norveška
82%
Belorusija
81%
Rumunija
81%
Slovačka
81%
Andora
80%
Makedonija
80%
Litvanija
79%
Belgija
78%
Estonija
78%
Danska
77%
Irska
77%
Vatikan
76%
Poljska
75%
Švajcarska
75%
Češka Republika
74%
Holandija
73%
Letonija
71%
Ukrajina
71%
San Marino
70%
Luksemburg
69%
Island
68%
Turska
66%
Malta
65%
Moldavija
64%
Monako
61%
Mađarska
57%
Lihtenštajn
56%
Kipar
55%
Gruzija
30%
Azerbejdžan
28%
Jermenija
26%
No matching quizzes found
Score Distribution
Percent of People with Each Score
Percentile by Number Answered
Your Score History
You have not taken this quiz